| 000 | 00345nam a2200121Ia 4500 | ||
|---|---|---|---|
| 008 | 220214s9999 xx 000 0 und d | ||
| 245 | 0 | _aIndian Coffee Statistics | |
| 260 |
_bCoffee Board _aBangalore |
||
| 500 | _aEnding Volume & Year: 1981, | ||
| 500 | _aMissing Volume: 1962-1963;1965 | ||
| 500 | _aStarting Volume & Year: 1959, | ||
| 942 | _cBJ | ||
| 999 |
_c2247 _d2247 |
||